Gang Starr Discography - Statistics

General Stats
  • This quiz has been taken 26 times
    19 since last reset
  • The average score is 6 of 9
Answer Stats
Year Name Type % Correct
1994 Hard to Earn Album
100%
1998 Moment of Truth Album
100%
1991 Step In the Arena Album
77%
1992 Daily Operation Album
69%
1999 Full Clip: A Decade of Gang Starr Compilation
69%
2019 One of the Best Yet Album
69%
1989 No More Mr. Nice Guy Album
62%
2003 The Ownerz Album
62%
2006 Mass Appeal: the Best of Gang Starr Compilation
38%
No matching quizzes found
Score Distribution
Percent of People with Each Score
Percentile by Number Answered
Your Score History
You have not taken this quiz since the last reset